000 01358ntm a2200277 i 4500
001 91826
003 ES-MaACL
005 20240410063032.0
007 t|
008 050222b1780 sp a |||| | spa d
040 _cES-MaACL
100 1 _aBarcones y Carrión, Antonio.
_925565
_eaut
245 1 0 _aColección de varios monumentos antiguos y otras piezas curiosas sacadas con la mayor fidelidad de documentos originales
_h[Manuscrito] /
_cAntonio Barcones y Carrión.
260 _a[s.l. :
_bs.n.,
_cca. 1780]
300 _a[18] hojas :
_bilustraciones ;
_c47 cm.
505 _aReal Panteón de San Juan de la Peña en que se conservan las venerables cenizas de los serenísimos reyes de Aragón y Navarra... y otros documentos
530 _aDisponible en formato digital.
594 _aManuscrito dedicado al conde de Floridablanca.
610 2 4 _aMonasterio de San Juan de la Peña-
_xHistoria.
_95746
740 0 2 _aReal Panteón de San Juan de la Peña, en que se conservan las venerables cenizas de los serenísimos reyes de Aragón y Navarra.
852 4 _aES-MaACL
_cDEPO
_dOlim:B-7749
_jR-2950
856 4 _uhttps://bvpb.mcu.es/es/consulta/registro.do?id=577741
_yVersión en línea
_z(Biblioteca Virtual del Patrimonio Bibliográfico)
942 _cMANUSCRITO
_n0
999 _c91826
_d91826